000
00304nam a22001217a 4500
008
251013b |||||||| |||| 00| 0 eng d
020
_a
0-07-100804-7
100
_a
H. F. Korth
245
_a
Database System Concepts 2nd Ed.
260
_a
New Delhi
_b
McGraw Hill
_c
1991
300
_a
694
942
_2
ddc
_c
BK
999
_c
21557
_d
21557